| 000 | 00000nam##2200000za#4500 |
| 001 | 9.690816 |
| 003 | CaOODSP |
| 005 | 20210624232508 |
| 007 | cr ||||||||||| |
| 008 | 150407|2008||||xxc|||||o f|0| 0 eng|d |
| 020 | |a978-0-662-48178-2 |
| 040 | |aCaOODSP|beng |
| 043 | |an-cn--- |
| 086 | 1 |aH34-191/2008E-PDF |
| 110 | 1 |aCanada. |bHealth Canada. |bFirst Nations and Inuit Health Branch. |
| 245 | 10|aChronic disease prevention - evidence table : |h[electronic resource]|bAlberta region |
| 260 | |aEdmonton - Alberta : |bHealth Canada. |c2008. |
| 300 | |a14p.|breferences, tables |
| 590 | |a12-24-Supp|b2012-05-30 |
| 690 | 07|aChronic diseases|2gcpds |
| 690 | 07|aIndigenous peoples|2gcpds |
| 856 | 40|ahttp://publications.gc.ca|qPDF|s998 KB|uhttps://publications.gc.ca/collections/collection_2012/sc-hc/H34-191-2008-eng.pdf |